| 000 | 01181nam a22002177a 4500 | ||
|---|---|---|---|
| 999 |
_c168644 _d168644 |
||
| 005 | 20191018120723.0 | ||
| 010 | _aB-730571 | ||
| 020 |
_a9789353093402 _c40.00 |
||
| 035 | _aB-730571 | ||
| 037 | _bडी.बी.ए.डी./ उपहार | ||
| 082 | _aक | ||
| 100 | _aप्रधान, विध्या | ||
| 245 |
_aआलसी मामा / _cविध्या प्रधान ; रोहित केलकर द्वारा चित्रांकित ; विभा लोहानी द्वारा हिन्दी अनुवाद |
||
| 260 |
_aनई दिल्ली _bप्रथम बुक्स _c2018 |
||
| 270 |
_a#621, 2nd floor, 5th Main, OMBR Layout, Banaswadi, _bBengaluru _e560043 _k+91 80 42052574, 91 11 41042483 |
||
| 300 |
_a16पृ. _bसचित्र _c14x20 सेमी (अजिल्द) |
||
| 700 |
_928835 _aकेलकर, रोहित |
||
| 700 |
_928836 _aलोहानी, विभा |
||
| 942 |
_2ddc _cCH _hक _mप्रधान |
||